000 00626nam a22002417a 4500
003 UA-OsUOA
001 93017
007 ta
008 20130110b un ||||| |||| 00| 0 ukr d
100 _aБек А.
090 _a821.161.1
_bБ42
942 _cBK
040 _aUA-OsUOA
_brus
_cUA-OsUOA
_dUA-OsUOA
245 _aТалант
300 _a495 с.
955 _a3
041 _arus
080 _a821.161.1
260 _aМ.
_bСоветский писатель
_c1983
246 3 1 _aЖизнь Бережкова
_n
650 7 _a82 Література. Літературознавство
_2UDC
999 _c378973
_d378973